Memoria sobre la glosopeda ó fiebre aftosa / (Record no. 158948)

MARC details
000 -LEADER
campo de control de longitud fija 00969nam a2200193 i 4500
001 - NÚMERO DE CONTROL
campo de control 158948
003 - IDENTIFICADOR DE NÚMERO DE CONTROL
campo de control ES-MaACL
005 - FECHA Y HORA DE LA ÚLTIMA TRANSACCIÓN
campo de control 20250812231042.0
008 - DATOS DE LONGITUD FIJA--INFORMACIÓN GENERAL
campo de control de longitud fija 021011s1875 sp |||| | spa d
040 ## - FUENTE DE CATALOGACIÓN
Centro catalogador/agencia de origen CCPB | B
Lengua de catalogación spa
Centro/agencia transcriptor CCPB | B
100 1# - ENTRADA PRINCIPAL--NOMBRE DE PERSONA
Nombre de persona Martínez de Anguiano, Pedro.
9 (RLIN) 77975
245 10 - MENCIÓN DEL TÍTULO
Título Memoria sobre la glosopeda ó fiebre aftosa /
Mención de responsabilidad, etc. por Pedro Martínez de Anguiano.
260 ## - PUBLICACIÓN, DISTRIBUCIÓN, ETC.
Lugar de publicación, distribución, etc. Zaragoza :
Nombre del editor, distribuidor, etc. [s.n.],
Fecha de publicación, distribución, etc. 1875 (
Fabricante tipografía de José María Magallón)
300 ## - DESCRIPCIÓN FÍSICA
Extensión 64 p. ;
Dimensiones 21 cm.
650 #7 - PUNTO DE ACCESO ADICIONAL DE MATERIA--TÉRMINO DE MATERIA
Término de materia o nombre geográfico como elemento de entrada Fiebre aftosa en animales
Fuente del encabezamiento o término embne
9 (RLIN) 141639
852 ## - LOCALIZACIÓN
Ubicación ES-MaACL
Número de control de estantería T-680-F-4
Nota libre -- Enc. hol., conservando la cub. original
-- -- An. ms.: ded. del autor a Gustavo Saenz Diez
-- -- Enc. en un vol. facticio
852 ## - LOCALIZACIÓN
Ubicación ES-MaACL
Número de control de estantería T-422-F-20
Nota libre -- Enc. hol.
condición física -- Falto de la cub. original
Nota libre -- Enc. en un vol. facticio
-- .- Sello de los "Escolares Médicos".-
-- .-Ded. ms. del Gustavo Saenz Diez a la Biblioteca de los Escolares Médicos
Holdings
Estatus retirado Estado de pérdida Estado de daño No para préstamo Colección Biblioteca de origen Biblioteca actual Ubicación en estantería Fecha de adquisición Total de préstamos Signatura topográfica completa Código de barras Visto por última vez Precio de reemplazo Tipo de ítem Koha
        Colección de folletos Biblioteca del Ateneo de Madrid Biblioteca del Ateneo de Madrid Depósito folletos 17/01/2008   T-422-F-20 1166374 23/02/2023 23/02/2023 Folleto
        Colección de folletos Biblioteca del Ateneo de Madrid Biblioteca del Ateneo de Madrid Depósito folletos 17/01/2008   T-680-F-4 1166373 23/02/2023 23/02/2023 Folleto